Avengers: Age of Ultron (2015): Characters by Picture - Statistics

General Stats
  • This quiz has been taken 97 times
  • The average score is 18 of 23
Answer Stats
Picture Answer % Correct
Thor
100%
Captain America
99%
Iron Man
99%
The Incredible Hulk
99%
Ultron
99%
Wanda Maximoff
99%
Hawkeye
97%
Vision
97%
Black Widow
96%
Falcon
95%
War Machine
95%
Pietro Maximoff
92%
Nick Fury
89%
Thanos
88%
Stan Lee
84%
Peggy Carter
70%
Maria Hill
58%
Heimdall
54%
Laura Barton
46%
Ulysses Klaue
45%
Erik Selvig
41%
Baron Strucker
34%
Helen Cho
32%
No matching quizzes found
Score Distribution
Percent of People with Each Score
Percentile by Number Answered
Your Score History
You have not taken this quiz